000 00334 a2200157 4500
001 62015
020 _a9788510054133
040 _cAnchieta - Pituba
100 _aRosaly Braga Chianca
240 1 0 _aGeografia 9
_lpor
245 1 0 _aGeografia 9
300 _a223/63
362 0 _a2013
650 4 _aGeografia e viagens
942 _cBK
999 _c62015
_d62015